| 000 | 00638nam a2200193 i 4500 | ||
|---|---|---|---|
| 001 | 90588 | ||
| 003 | ES-MaACL | ||
| 005 | 20230906180505.0 | ||
| 007 | t| | ||
| 008 | 050121s1933 gw ||||1| ger d | ||
| 100 | 1 |
_aLehmann, Heinrich. _971332 |
|
| 245 | 1 | 0 |
_aAllgemeiner Teil des Bürgerlichen Gesetzbuches / _cvon Heinrich Lehmann. |
| 260 |
_aBerlin : _bWalter de Gruyter, _c1933. |
||
| 300 |
_aXVI, 512 p. ; _c19 cm. |
||
| 490 | 1 |
_aDe Lehrbücher und Grundrisse der Rechtswissenschaft ; _v1 |
|
| 830 | 0 |
_aDe Lehrbücher und Grundrisse der Rechtswissenschaft ; _v1 _9231948 |
|
| 852 |
_aES-MaACL _jA-2408 |
||
| 999 |
_c90588 _d90588 |
||